000 01551nam a2200325 c 4500
999 _c437172
_d437172
003 BLK
005 20211116150507.0
008 180408b bul|||||r ||||||| ||bul||
010 _aKNG00072306000
020 _a9789547922037
040 _aBLK
041 _aBUL
_cBUL
080 _aЕзиково и говорно възпитание. Начални основи на граматика и правопис.
_b372.46
_x(076)(075.2)
_z372.46(076)(075.2)
100 1 _aВладова, Лиляна Михайлова
_eпърви автор
_gНикова-Владова, Лиляна Михайлова
_9364643
139 _aВладова, Лиляна Михайлова и др.
_bВ 70
245 1 0 _aВълшебства с буквите
_bУчебно помагало по български език за ІІІ клас на СОУ
_cЛиляна Владова; Евтимия Манчева.
257 _aBGR
260 _bСКОРПИО
_c2018
_9210029
_aСофия
_n978-954-792- ; 954-90825-
300 _a80 с.
_bс ил.
_c21 см
380 _a3
650 4 _aБългарски език - учебници за основни училища
_9244265
653 _aбългарски език
653 _aучебници за основни училища
700 1 _aМанчева, Евтимия Костова
_eсъавт.
_9365603
856 4 _qpdf
856 4 _qpdf
942 _cKNG
_n0
_s1
944 _aCR
_c2021-11-16
_kВ. Т.